000 01441nam a2200433 i 4500
001 6180
003 KOSZ 005
005 20220909101525.0
008 970510s1993 pl a f f |000 0 pol
015 _aPB 1993/8878
040 _aWA N
_cWA N
_dKOSZ 005/HR
046 _k1993
080 _a621.3.049
080 _a004.4
080 _a519.8
080 _a519.6
080 _a(075.8)
100 1 _aOsowski, Stanisław
_d(1948- )
_eAutor
245 1 0 _aKomputerowe metody analizy i optymalizacji obwodów elektrycznych /
_cStanisław Osowski.
260 _aWarszawa :
_bWydawnictwa Politechniki Warszawskiej,
_c1993.
300 _a226 s. :
_brys., wykr. ;
_c24 cm.
336 _2rdacontent
_aTekst
_btxt
337 _2rdamedia
_aBez urządzenia pośredniczącego
_bn
338 _2rdacarrier
_aWolumin
_bnc
380 _aKsiążki
388 _a1901-2000
388 _a1989-2000
504 _aBibliogr. s. 225-226.
650 4 _aAnaliza numeryczna
650 4 _aOptymalizacja
650 4 _aUkład elektroniczny
650 4 _aObwód elektryczny
650 4 _aProjektowanie wspomagane komputerowo
655 4 _aPodręczniki akademickie
658 _aInżynieria i technika
710 2 _aOficyna Wydawnicza Politechniki Warszawskiej
_4pbl.
856 _uhttp://koha.tu.koszalin.pl/cgi-bin/koha/opac-detail.pl?biblionumber=6180
_yKatalog online BPK
942 _2UKD
_cKS
999 _c6180
_d6180